[Event "36. Copenhagen Open (Politiken Cup)"]
[Site "Elsinore"]
[Date "2014.07.27"]
[Round "8"]
[White "Hillarp Persson, Tiger"]
[Black "Englert, Fabian"]
[Result "1/2-1/2"]
[WhiteElo "2564"]
[BlackElo "2304"]
[PlyCount "116"]
[EventDate "2014.07.21"]
[EventType "swiss"]
[EventRounds "10"]
[EventCountry "DEN"]
[Source "ChessBase"]
[SourceDate "2014.08.29"]

1. Nf3 d5 2. c4 d4 3. b4 Nf6 4. g3 Qd6 5. Na3 e5 6. Nc2 a5 7. b5 c5 8. d3 g6 9.
Bg2 Bg7 10. O-O O-O 11. e3 dxe3 12. Nxe3 e4 13. dxe4 Qxd1 14. Nxd1 Nxe4 15. Bb2
Be6 16. Bxg7 Kxg7 17. Ne5 Nd2 18. Re1 Nxc4 19. Nxc4 Bxc4 20. Nc3 Nd7 21. Bxb7
Rad8 22. Bc6 Be6 23. Na4 c4 24. Rac1 Kf6 25. f4 Nb8 26. Bg2 Rd2 27. Nc5 Rxa2
28. Nxe6 fxe6 29. Rxc4 Rb2 30. Bh3 Rxb5 31. Rxe6+ Kg7 32. Re7+ Rf7 33. Rxf7+
Kxf7 34. Rc7+ Kg8 35. Be6+ Kh8 36. g4 Na6 37. Rc6 Nc5 38. Bc4 Rb1+ 39. Kg2 Ne4
40. Rc8+ Kg7 41. g5 Rb2+ 42. Kh3 h5 43. Rc7+ Kf8 44. Rf7+ Ke8 45. Rg7 Rb4 46.
Bd5 Nc3 47. Bc6+ Kf8 48. Rxg6 Rxf4 49. Rh6 h4 50. Rh7 a4 51. Ra7 Ne4 52. g6
Ng5+ 53. Kg2 Rg4+ 54. Kf1 Ne6 55. Rf7+ Kg8 56. Bd5 Rxg6 57. Re7 Kf8 58. Rxe6
Rxe6 1/2-1/2

[Event "36. Copenhagen Open (Politiken Cup)"]
[Site "Elsinore"]
[Date "2014.07.27"]
[Round "8"]
[White "Hinrichs, Jan"]
[Black "Nilssen, John Arni"]
[Result "1-0"]
[WhiteElo "2124"]
[BlackElo "2322"]
[PlyCount "81"]
[EventDate "2014.07.21"]
[EventType "swiss"]
[EventRounds "10"]
[EventCountry "DEN"]
[Source "ChessBase"]
[SourceDate "2014.08.29"]

1. d4 Nf6 2. c4 c5 3. d5 e5 4. Nc3 d6 5. e4 g6 6. Be2 Bg7 7. h4 h5 8. Bg5 Nbd7
9. Qd2 a6 10. Nh3 Qa5 11. f3 Rb8 12. a4 Nh7 13. Be3 Bf6 14. Nf2 Qd8 15. g3 Be7
16. Nd3 Qa5 17. Rd1 f5 18. f4 Nhf6 19. fxe5 dxe5 20. Nxe5 Nxe5 21. d6 Nxe4 22.
Nxe4 Qxd2+ 23. Rxd2 Bd8 24. Nxc5 Nd7 25. Ne6 Ba5 26. Ba7 Kf7 27. Ng5+ Kf6 28.
Bd4+ Ne5 29. Bxe5+ Kxe5 30. Nf7+ Ke4 31. Nxh8 Ke3 32. Nxg6 Bxd2+ 33. Kd1 Bb4
34. Bxh5 Be6 35. Kc2 Bxc4 36. Rd1 Rd8 37. Ne5 Be6 38. d7 Ke4 39. Nd3 a5 40.
Nxb4 axb4 41. Be8 1-0

[Event "36. Copenhagen Open (Politiken Cup)"]
[Site "Elsinore"]
[Date "2014.07.27"]
[Round "8"]
[White "Hoi, Carsten"]
[Black "Krantz, Christopher"]
[Result "1/2-1/2"]
[WhiteElo "2401"]
[BlackElo "2219"]
[PlyCount "71"]
[EventDate "2014.07.21"]
[EventType "swiss"]
[EventRounds "10"]
[EventCountry "DEN"]
[Source "ChessBase"]
[SourceDate "2014.08.29"]

1. d4 d5 2. c4 c6 3. Nf3 Nf6 4. Nc3 dxc4 5. a4 Bf5 6. e3 e6 7. Bxc4 Bb4 8. O-O
Nbd7 9. h3 O-O 10. Nh4 Nb6 11. Bb3 a5 12. g4 Bg6 13. Nxg6 hxg6 14. Qf3 Qe7 15.
e4 c5 16. dxc5 Nbd7 17. Bc2 Bxc5 18. Qe2 Nh7 19. Kg2 Qh4 20. e5 Ng5 21. Bxg5
Qxg5 22. f4 Qe7 23. Ne4 Nb6 24. Bb3 Nd5 25. Bxd5 exd5 26. Nc3 Rfd8 27. Rad1 d4
28. Ne4 Rac8 29. Qd3 Qd7 30. Rc1 Qd5 31. Kg3 Rc6 32. Rc4 Bb6 33. Rfc1 Rdc8 34.
Rxc6 Rxc6 35. Rxc6 Qxc6 36. b3 1/2-1/2

[Event "36. Copenhagen Open (Politiken Cup)"]
[Site "Elsinore"]
[Date "2014.07.27"]
[Round "8"]
[White "Holmstrom, Johan Ravnborg"]
[Black "Stam, Bart"]
[Result "1-0"]
[WhiteElo "1834"]
[BlackElo "2017"]
[PlyCount "67"]
[EventDate "2014.07.21"]
[EventType "swiss"]
[EventRounds "10"]
[EventCountry "DEN"]
[Source "ChessBase"]
[SourceDate "2014.08.29"]

1. d4 Nf6 2. c4 e6 3. g3 d5 4. Nf3 Be7 5. Bg2 O-O 6. O-O dxc4 7. Ne5 Nbd7 8.
Nxc4 c5 9. dxc5 Nxc5 10. Nc3 a5 11. b3 Ra6 12. Bf4 Bd7 13. Ne5 Qc8 14. Rc1 Rd8
15. Qc2 Be8 16. Ne4 Nfxe4 17. Bxe4 g6 18. Be3 b6 19. Nd3 Bb5 20. Nxc5 bxc5 21.
Qb2 Bf8 22. a4 Bg7 23. Qc2 Be8 24. Qxc5 Qxc5 25. Rxc5 f5 26. Bd3 Raa8 27. Bd2
Rdb8 28. Bc4 Bf7 29. Rxa5 Rxa5 30. Bxa5 Kf8 31. Rd1 Ke7 32. Bc7 Rb7 33. Bd6+
Kf6 34. f4 1-0

[Event "36. Copenhagen Open (Politiken Cup)"]
[Site "Elsinore"]
[Date "2014.07.27"]
[Round "8"]
[White "Hoti, Nimon"]
[Black "Nielsen, Jorgen Lovgren"]
[Result "1/2-1/2"]
[WhiteElo "1887"]
[BlackElo "2135"]
[PlyCount "52"]
[EventDate "2014.07.21"]
[EventType "swiss"]
[EventRounds "10"]
[EventCountry "DEN"]
[Source "ChessBase"]
[SourceDate "2014.08.29"]

1. Nf3 f5 2. b3 d6 3. Bb2 e5 4. d3 Nf6 5. c4 g6 6. Nc3 Bg7 7. g3 O-O 8. Bg2 Nc6
9. Nd5 Ne7 10. Nxf6+ Bxf6 11. O-O Be6 12. Qc2 Nc6 13. e3 Qe7 14. a3 a5 15. Nd2
Bg7 16. Rae1 Qd7 17. Nb1 Rae8 18. Bxc6 Qxc6 19. f4 Bc8 20. Qg2 Qb6 21. Qc2 Qc5
22. Qf2 b6 23. d4 exd4 24. exd4 Qc6 25. Nc3 Bb7 26. d5 Qd7 1/2-1/2

[Event "36. Copenhagen Open (Politiken Cup)"]
[Site "Elsinore"]
[Date "2014.07.27"]
[Round "8"]
[White "Houska, Jovanka"]
[Black "Ochsner, Bjorn Moller"]
[Result "1/2-1/2"]
[WhiteElo "2409"]
[BlackElo "2318"]
[PlyCount "71"]
[EventDate "2014.07.21"]
[EventType "swiss"]
[EventRounds "10"]
[EventCountry "DEN"]
[Source "ChessBase"]
[SourceDate "2014.08.29"]

1. d4 Nf6 2. Nf3 g6 3. c4 Bg7 4. g3 c5 5. Bg2 cxd4 6. Nxd4 O-O 7. Nc3 Qc7 8.
Qd3 Nc6 9. O-O Ne5 10. Qe3 Nxc4 11. Qxe7 Qb6 12. Nb3 d6 13. Nd5 Nxd5 14. Bxd5
Qb5 15. Qg5 Kh8 16. Rd1 Bf5 17. e4 Be6 18. Bxe6 Qxg5 19. Bxg5 fxe6 20. Rac1
Rfc8 21. Rc2 Bxb2 22. Rxb2 Nxb2 23. Bf6+ Kg8 24. Bxb2 Rc2 25. Bc1 Rxa2 26. Rxd6
a5 27. Bf4 a4 28. Nc5 a3 29. Rd7 Ra1+ 30. Kg2 Rc1 31. Nxe6 a2 32. Rg7+ Kh8 33.
Be5 a1=Q 34. Bxa1 Rcxa1 35. Rxb7 R1a7 36. Rxa7 1/2-1/2

[Event "36. Copenhagen Open (Politiken Cup)"]
[Site "Elsinore"]
[Date "2014.07.27"]
[Round "8"]
[White "Huse, Sigurd Kjelsbol"]
[Black "Rasmussen, Lars"]
[Result "0-1"]
[WhiteElo "1675"]
[BlackElo "1984"]
[PlyCount "92"]
[EventDate "2014.07.21"]
[EventType "swiss"]
[EventRounds "10"]
[EventCountry "DEN"]
[Source "ChessBase"]
[SourceDate "2014.08.29"]

1. e4 e5 2. Nf3 Nf6 3. Nxe5 d6 4. Nf3 Nxe4 5. Qe2 Qe7 6. d3 Nf6 7. Qxe7+ Bxe7
8. Be2 Bd7 9. Nc3 Nc6 10. Bd2 d5 11. Bg5 Be6 12. d4 O-O-O 13. Bd3 Nb4 14. O-O-O
Nxd3+ 15. Rxd3 h6 16. Bxf6 Bxf6 17. Re1 Rhe8 18. h3 Bf5 19. Rde3 Rxe3 20. fxe3
c6 21. Ne2 Re8 22. Ng3 Bg6 23. Kd2 c5 24. c3 cxd4 25. exd4 Rxe1 26. Kxe1 Bb1
27. a3 Bg6 28. Kd2 Kd7 29. Ke3 a5 30. Ne5+ Ke6 31. Nxg6 fxg6 32. Ne2 Bg5+ 33.
Nf4+ Kf5 34. g4+ Kf6 35. Kf3 Bxf4 36. Kxf4 a4 37. Kf3 Kg5 38. Kg3 h5 39. h4+
Kf6 40. Kf4 b6 41. g5+ Ke6 42. c4 dxc4 43. Ke4 b5 44. d5+ Kd7 45. Ke5 b4 46.
Kd4 c3 0-1

[Event "36. Copenhagen Open (Politiken Cup)"]
[Site "Elsinore"]
[Date "2014.07.27"]
[Round "8"]
[White "Hviid, Hans Henrik"]
[Black "Svane, Minna"]
[Result "1-0"]
[WhiteElo "1540"]
[BlackElo "1278"]
[PlyCount "53"]
[EventDate "2014.07.21"]
[EventType "swiss"]
[EventRounds "10"]
[EventCountry "DEN"]
[Source "ChessBase"]
[SourceDate "2014.08.29"]

1. d4 d5 2. e3 Nf6 3. g3 Bf5 4. Bg2 e6 5. c4 c6 6. cxd5 exd5 7. Nc3 Be7 8. f3
O-O 9. Nge2 Na6 10. e4 Be6 11. exd5 Nxd5 12. O-O c5 13. Nxd5 Bxd5 14. dxc5
Bxc5+ 15. Kh1 Bc6 16. Bf4 Nb4 17. Qxd8 Raxd8 18. a3 Nd3 19. Bh3 Nf2+ 20. Kg2
Nxh3 21. Kxh3 Rd3 22. Kg2 Re8 23. Rae1 Be3 24. Bxe3 Rexe3 25. Nf4 Bxf3+ 26.
Rxf3 Rxf3 27. Re8# 1-0

[Event "36. Copenhagen Open (Politiken Cup)"]
[Site "Elsinore"]
[Date "2014.07.27"]
[Round "8"]
[White "Jacobsen, Fredrik Beer"]
[Black "Hardlei, Johan"]
[Result "1-0"]
[WhiteElo "2012"]
[BlackElo "1884"]
[PlyCount "105"]
[EventDate "2014.07.21"]
[EventType "swiss"]
[EventRounds "10"]
[EventCountry "DEN"]
[Source "ChessBase"]
[SourceDate "2014.08.29"]

1. e4 c5 2. Nc3 Nc6 3. g3 e6 4. Bg2 Nf6 5. d3 d6 6. Nge2 Be7 7. O-O a6 8. a4
Qc7 9. d4 cxd4 10. Nxd4 Bd7 11. Kh1 O-O 12. f4 Rac8 13. Be3 Nxd4 14. Bxd4 e5
15. Be3 Rfd8 16. a5 Qc4 17. Bb6 Re8 18. fxe5 Bg4 19. Bf3 Bxf3+ 20. Qxf3 dxe5
21. g4 Qe6 22. h3 Bb4 23. g5 Nd7 24. Nd5 Nxb6 25. axb6 Bd6 26. Rac1 Rf8 27. b4
Rc4 28. c3 Qg6 29. Rce1 Qxg5 30. Rg1 Qh6 31. Rg3 f6 32. Qd3 Rc6 33. Ne3 Rf7 34.
Nf5 Qf4 35. Rf1 Rxc3 36. Rxf4 Rxd3 37. Rxd3 exf4 38. Rxd6 h6 39. Kg2 Kh7 40.
Kf3 g5 41. Re6 Kg6 42. Re7 Rxe7 43. Nxe7+ Kf7 44. Nf5 Ke6 45. Nxh6 Kd6 46. Ng8
Kc6 47. Nxf6 Kxb6 48. e5 Kc6 49. Ne4 b6 50. Nxg5 a5 51. bxa5 bxa5 52. h4 a4 53.
Ne4 1-0

[Event "36. Copenhagen Open (Politiken Cup)"]
[Site "Elsinore"]
[Date "2014.07.27"]
[Round "8"]
[White "Jacobsen, Mikkel Manosri"]
[Black "Skjoldager, Flemming"]
[Result "1-0"]
[WhiteElo "2030"]
[BlackElo "1882"]
[PlyCount "73"]
[EventDate "2014.07.21"]
[EventType "swiss"]
[EventRounds "10"]
[EventCountry "DEN"]
[Source "ChessBase"]
[SourceDate "2014.08.29"]

1. d4 Nf6 2. Nf3 e6 3. Bf4 b6 4. e3 Bb7 5. Bd3 c5 6. c3 Be7 7. h3 cxd4 8. exd4
O-O 9. Nbd2 d5 10. Qe2 Nc6 11. O-O Rc8 12. Rae1 Nh5 13. Bh2 g6 14. Ne5 Nxe5 15.
Qxe5 Bf6 16. Qe2 Bg5 17. g3 Bh6 18. f4 Nf6 19. g4 Nd7 20. Bg3 Re8 21. h4 Bg7
22. Rf3 Nf6 23. Re3 h5 24. f5 Nxg4 25. fxg6 Nxe3 26. gxf7+ Kxf7 27. Qxh5+ Ke7
28. Rxe3 Kd7 29. Qg4 Bf6 30. Bg6 Ba6 31. Qf4 Rc6 32. Bxe8+ Kxe8 33. Rf3 Kf7 34.
h5 Be2 35. Rf2 Bxh5 36. Bh4 Qg8+ 37. Kh2 1-0

[Event "36. Copenhagen Open (Politiken Cup)"]
[Site "Elsinore"]
[Date "2014.07.27"]
[Round "8"]
[White "Jensen, Ib"]
[Black "Haagen Larsen, Hans"]
[Result "0-1"]
[WhiteElo "1982"]
[BlackElo "1683"]
[PlyCount "110"]
[EventDate "2014.07.21"]
[EventType "swiss"]
[EventRounds "10"]
[EventCountry "DEN"]
[Source "ChessBase"]
[SourceDate "2014.08.29"]

1. d4 d6 2. e4 g6 3. Be3 Bg7 4. Nc3 Nc6 5. Qd2 e5 6. Bb5 Bd7 7. Nge2 Nf6 8. d5
Ne7 9. Bd3 Ng4 10. Bg5 h6 11. Bh4 g5 12. h3 Ng6 13. Bg3 Nf6 14. f3 O-O 15. Bf2
Nf4 16. Nxf4 gxf4 17. O-O-O Nh5 18. Ne2 f5 19. g4 fxg3 20. Nxg3 Nxg3 21. Bxg3
f4 22. Bf2 Kh8 23. c4 a5 24. Kb1 b6 25. Rdg1 Rg8 26. Rg6 Qe7 27. Qe1 Kh7 28.
Bh4 Qf7 29. Rg4 Bxg4 30. hxg4 Bf6 31. Bf1 Bg5 32. Bf2 Kg7 33. Rh5 a4 34. a3 Qd7
35. Bd3 Rgb8 36. Qh1 Rh8 37. Qe1 Ra5 38. Qg1 b5 39. c5 c6 40. Be1 Ra6 41. cxd6
Qxd6 42. Bb4 Qd7 43. Qf1 Rb8 44. Bc3 Qd6 45. Bb4 c5 46. Bc3 Rab6 47. Ba5 R6b7
48. Qc1 Ra7 49. Bd2 b4 50. axb4 cxb4 51. Qc6 Qxc6 52. dxc6 Rc7 53. Bc2 b3 54.
Bd1 Rd8 55. Rh2 Rxc6 0-1

[Event "36. Copenhagen Open (Politiken Cup)"]
[Site "Elsinore"]
[Date "2014.07.27"]
[Round "8"]
[White "Jensen, Soren Holm"]
[Black "Christensen, Thomas2"]
[Result "1/2-1/2"]
[WhiteElo "1975"]
[BlackElo "2139"]
[PlyCount "59"]
[EventDate "2014.07.21"]
[EventType "swiss"]
[EventRounds "10"]
[EventCountry "DEN"]
[Source "ChessBase"]
[SourceDate "2014.08.29"]

1. e4 b6 2. d4 Bb7 3. Nc3 e6 4. a3 Nf6 5. Bd3 c5 6. Nf3 cxd4 7. Nxd4 Nc6 8.
Nxc6 Bxc6 9. O-O Be7 10. e5 Nd5 11. Ne4 f5 12. Nd6+ Bxd6 13. exd6 Qh4 14. Qd2
h6 15. c4 Nf6 16. Qf4 Qh5 17. Re1 O-O 18. Be2 Qf7 19. Be3 Qg6 20. Qg3 Qxg3 21.
hxg3 Ne4 22. Bf4 Rfc8 23. Rac1 Ng5 24. Be5 Nf7 25. f4 Be4 26. b4 a5 27. Bd4
axb4 28. axb4 Ra4 29. Bxb6 Rxb4 30. Bc7 1/2-1/2

[Event "36. Copenhagen Open (Politiken Cup)"]
[Site "Elsinore"]
[Date "2014.07.27"]
[Round "8"]
[White "Jorgensen, Alexander Torp"]
[Black "Hedlerfog, Robert"]
[Result "0-1"]
[WhiteElo "1762"]
[BlackElo "1678"]
[PlyCount "56"]
[EventDate "2014.07.21"]
[EventType "swiss"]
[EventRounds "10"]
[EventCountry "DEN"]
[Source "ChessBase"]
[SourceDate "2014.08.29"]

1. e4 c6 2. Nc3 Qc7 3. d4 d6 4. f4 g6 5. Nf3 Bg7 6. Bc4 b5 7. Bb3 a5 8. a4 b4
9. Ne2 Ba6 10. O-O h6 11. c4 bxc3 12. bxc3 c5 13. Be3 Nf6 14. Bc2 O-O 15. Qd2
Ng4 16. Bd3 Nd7 17. h3 Nxe3 18. Qxe3 Rfb8 19. Rfb1 Rb6 20. Bxa6 Raxa6 21. Qd3
c4 22. Qc2 Qb7 23. Nd2 d5 24. exd5 Qxd5 25. Qe4 e6 26. Ng3 Rxb1+ 27. Rxb1 Rb6
28. Ngf1 Qxe4 0-1

[Event "36. Copenhagen Open (Politiken Cup)"]
[Site "Elsinore"]
[Date "2014.07.27"]
[Round "8"]
[White "Justinussen, Sigurd B"]
[Black "Stojanovski, Sandi"]
[Result "0-1"]
[WhiteElo "1978"]
[BlackElo "2230"]
[PlyCount "86"]
[EventDate "2014.07.21"]
[EventType "swiss"]
[EventRounds "10"]
[EventCountry "DEN"]
[Source "ChessBase"]
[SourceDate "2014.08.29"]

1. e4 c5 2. Nf3 Nc6 3. d4 cxd4 4. Nxd4 Nf6 5. Nc3 e5 6. Nxc6 bxc6 7. Be2 d6 8.
O-O Be7 9. Bg5 h6 10. Bh4 Be6 11. Qd2 Qc7 12. Rad1 Rd8 13. Qe3 O-O 14. Bg3 Nd7
15. Kh1 Qb6 16. Qc1 Bg5 17. f4 exf4 18. Bxf4 Bxf4 19. Rxf4 Ne5 20. b3 Rfe8 21.
Rff1 Ng4 22. Bxg4 Bxg4 23. Rde1 Bh5 24. Nd1 Re6 25. Nf2 Rde8 26. c4 a5 27. Qf4
Qd4 28. Qh4 Re5 29. g4 Bg6 30. Rd1 Bxe4+ 31. Nxe4 Qxe4+ 32. Kg1 d5 33. cxd5
cxd5 34. Qg3 Qg6 35. Qf3 Re4 36. Rxd5 Rxg4+ 37. Kh1 Re6 38. Rf5 Rc6 39. Qe2 Re6
40. Qf3 Rd6 41. Qa8+ Kh7 42. Qxa5 Rd3 43. Qe1 Qc6+ 0-1

[Event "36. Copenhagen Open (Politiken Cup)"]
[Site "Elsinore"]
[Date "2014.07.27"]
[Round "8"]
[White "Karlsson, Ulf"]
[Black "Hojgaard, Brandur"]
[Result "1-0"]
[WhiteElo "1994"]
[BlackElo "1779"]
[PlyCount "49"]
[EventDate "2014.07.21"]
[EventType "swiss"]
[EventRounds "10"]
[EventCountry "DEN"]
[Source "ChessBase"]
[SourceDate "2014.08.29"]

1. b3 e5 2. Bb2 Nc6 3. e3 d5 4. Bb5 Bd6 5. f4 f6 6. Bxc6+ bxc6 7. fxe5 fxe5 8.
Bxe5 Qh4+ 9. g3 Qe4 10. Bxg7 Bg4 11. d3 Qxe3+ 12. Ne2 Be5 13. Bxe5 Qxe5 14.
Nbc3 Nh6 15. Qd2 O-O-O 16. d4 Qd6 17. O-O-O Rde8 18. Rde1 Bf3 19. Rhf1 Be4 20.
Nxe4 dxe4 21. Nc3 Qe6 22. Nxe4 Qh3 23. Qd3 Kb7 24. Nc5+ Ka8 25. Qa6 1-0

[Event "36. Copenhagen Open (Politiken Cup)"]
[Site "Elsinore"]
[Date "2014.07.27"]
[Round "8"]
[White "Keen, Cosima C"]
[Black "Hyldkrog, Lars"]
[Result "1/2-1/2"]
[WhiteElo "1729"]
[BlackElo "1963"]
[PlyCount "75"]
[EventDate "2014.07.21"]
[EventType "swiss"]
[EventRounds "10"]
[EventCountry "DEN"]
[Source "ChessBase"]
[SourceDate "2014.08.29"]

1. d4 Nf6 2. Nf3 e6 3. Bf4 c5 4. c3 b6 5. e3 Bb7 6. Bd3 Be7 7. h3 d5 8. Nbd2
O-O 9. O-O Nbd7 10. Re1 Ne4 11. Qc2 Ndf6 12. Ne5 Nxd2 13. Qxd2 c4 14. Bc2 b5
15. f3 a5 16. a3 b4 17. axb4 axb4 18. cxb4 Qb6 19. b5 Qxb5 20. Qe2 Rxa1 21.
Rxa1 Ra8 22. Rxa8+ Bxa8 23. b3 Bd6 24. bxc4 dxc4 25. Qxc4 Qxc4 26. Nxc4 Bxf4
27. exf4 g6 28. Kf2 Kf8 29. g4 h5 30. f5 exf5 31. gxf5 g5 32. Nd6 Ke7 33. Ne4
Nh7 34. Kg3 f6 35. h4 Bc6 36. Nd2 Bd7 37. hxg5 fxg5 38. Nf1 1/2-1/2

[Event "36. Copenhagen Open (Politiken Cup)"]
[Site "Elsinore"]
[Date "2014.07.27"]
[Round "8"]
[White "Kistrup, Nicolai"]
[Black "Grebstad, Kjell Borre"]
[Result "0-1"]
[WhiteElo "1786"]
[BlackElo "1994"]
[PlyCount "66"]
[EventDate "2014.07.21"]
[EventType "swiss"]
[EventRounds "10"]
[EventCountry "DEN"]
[Source "ChessBase"]
[SourceDate "2014.08.29"]

1. d4 Nf6 2. Nf3 e6 3. c4 b6 4. Bg5 Bb7 5. e3 Bb4+ 6. Nc3 O-O 7. Be2 h6 8. Bh4
Bxc3+ 9. bxc3 d6 10. O-O g5 11. Bg3 Ne4 12. Qc2 f5 13. Nd2 Qf6 14. f3 Nxg3 15.
hxg3 Nd7 16. f4 g4 17. e4 c5 18. d5 h5 19. Bd3 h4 20. gxh4 Qxh4 21. exf5 exd5
22. cxd5 g3 23. Nf3 Qxf4 24. Rae1 Rae8 25. Re6 Rxe6 26. fxe6 Qe3+ 27. Kh1 Rf6
28. Nh4 Rh6 29. Bh7+ Kh8 30. Qa4 Qg5 31. exd7 Rxh4+ 32. Qxh4 Qxh4+ 33. Kg1 Qh2#
0-1

[Event "36. Copenhagen Open (Politiken Cup)"]
[Site "Elsinore"]
[Date "2014.07.27"]
[Round "8"]
[White "Koepke, Christian"]
[Black "Percivaldi, Martin"]
[Result "1/2-1/2"]
[WhiteElo "2322"]
[BlackElo "2170"]
[PlyCount "138"]
[EventDate "2014.07.21"]
[EventType "swiss"]
[EventRounds "10"]
[EventCountry "DEN"]
[Source "ChessBase"]
[SourceDate "2014.08.29"]

1. e4 d5 2. exd5 Qxd5 3. Nc3 Qa5 4. g3 Nf6 5. Bg2 c6 6. Nge2 Bf5 7. b4 Qc7 8.
Rb1 e6 9. d3 Be7 10. b5 O-O 11. O-O Qd7 12. h3 cxb5 13. Rxb5 Nc6 14. Be3 Rac8
15. Qb1 b6 16. a4 Ne8 17. Qc1 Nd6 18. Rb1 Bf6 19. Ne4 Bxe4 20. dxe4 Nc4 21. Rd1
Qc7 22. Bg5 Be5 23. Rd3 N6a5 24. Nd4 Bxd4 25. Rxd4 h6 26. Bd2 Nxd2 27. Rxd2 Qc3
28. Qd1 Rc4 29. Rd7 Nc6 30. e5 Nxe5 31. Rxa7 Rd4 32. Qe1 Qxc2 33. Rc1 Qf5 34.
Rd1 Rxd1 35. Qxd1 Rc8 36. Ra8 Rxa8 37. Bxa8 Qd3 38. Qe1 Nc4 39. Bc6 Qd4 40. Qb4
Qc5 41. Qxc5 bxc5 42. f4 Kf8 43. Kf2 Ke7 44. Bb5 Na5 45. Ke3 Kd6 46. Be8 f6 47.
Ke4 Nb3 48. Bb5 Nd4 49. Bc4 Nc6 50. Bb5 Na5 51. h4 f5+ 52. Ke3 e5 53. fxe5+
Kxe5 54. h5 Nb7 55. Be2 Na5 56. Bb5 Nb7 57. Be2 Kf6 58. Kf4 Nd8 59. a5 Ne6+ 60.
Ke3 Nc7 61. a6 Nd5+ 62. Kf3 Kg5 63. a7 Nb6 64. Ke3 Nd5+ 65. Kf3 Nc7 66. Ke3 Na8
67. Bf3 Nb6 68. Be2 Nd5+ 69. Kf3 Nb6 1/2-1/2

[Event "36. Copenhagen Open (Politiken Cup)"]
[Site "Elsinore"]
[Date "2014.07.27"]
[Round "8"]
[White "Koetz, Andreas"]
[Black "Moller, Arne"]
[Result "1/2-1/2"]
[WhiteElo "2031"]
[BlackElo "1886"]
[PlyCount "105"]
[EventDate "2014.07.21"]
[EventType "swiss"]
[EventRounds "10"]
[EventCountry "DEN"]
[Source "ChessBase"]
[SourceDate "2014.08.29"]

1. d4 Nf6 2. c4 e6 3. g3 c5 4. Nf3 cxd4 5. Nxd4 a6 6. Bg2 Nc6 7. O-O Be7 8. Nc3
O-O 9. e4 e5 10. Nc2 d6 11. b3 Be6 12. Qd3 Rc8 13. Rd1 Qc7 14. Nd5 Bxd5 15.
exd5 Na7 16. Be3 b5 17. Bh3 bxc4 18. bxc4 Rb8 19. Rab1 Nc8 20. Bg2 Rd8 21. Nb4
Ra8 22. Nc6 Rf8 23. Qb3 Ng4 24. Bd2 f5 25. Qb7 Qxb7 26. Rxb7 Bf6 27. f3 Nh6 28.
Bb4 Rf7 29. Rxf7 Nxf7 30. c5 dxc5 31. Bxc5 Ncd6 32. a4 Kf8 33. Bf1 Ke8 34. Rb1
e4 35. Be2 exf3 36. Bxf3 Kd7 37. Be2 Ne4 38. Rb7+ Ke8 39. Bd4 Nfd6 40. Rb6
Bxd4+ 41. Nxd4 Kd7 42. Bxa6 Nc3 43. Nb5 Ndxb5 44. Bxb5+ Nxb5 45. axb5 Ra2 46.
Rb7+ Kd6 47. Rxg7 Kxd5 48. Rxh7 Rb2 49. Rb7 Ke4 50. Kf1 Rxh2 51. b6 Kf3 52. Kg1
Rb2 53. Rc7 1/2-1/2

[Event "36. Copenhagen Open (Politiken Cup)"]
[Site "Elsinore"]
[Date "2014.07.27"]
[Round "8"]
[White "Kristensen, Bjarke Hautop"]
[Black "Thybo, Jesper Sondergaard"]
[Result "0-1"]
[WhiteElo "1952"]
[BlackElo "2121"]
[PlyCount "90"]
[EventDate "2014.07.21"]
[EventType "swiss"]
[EventRounds "10"]
[EventCountry "DEN"]
[Source "ChessBase"]
[SourceDate "2014.08.29"]

1. c4 c5 2. g3 g6 3. Bg2 Bg7 4. Nc3 Nc6 5. a3 e6 6. Rb1 a5 7. d3 Nge7 8. Ne4 d6
9. Bg5 f5 10. Nc3 h6 11. Bd2 O-O 12. Nf3 g5 13. h3 Ng6 14. e4 f4 15. g4 Nge5
16. Bc1 Nxf3+ 17. Bxf3 Ne5 18. O-O Bd7 19. Nb5 Qe7 20. Qe2 a4 21. Bd2 Bxb5 22.
cxb5 Qd7 23. b4 Qxb5 24. bxc5 Qxc5 25. Rxb7 Qxa3 26. Bb4 Qb3 27. Qd1 Rfd8 28.
Kg2 Qxd3 29. Qxd3 Nxd3 30. Ba3 Nc5 31. Rc7 Rdc8 32. Rxc8+ Rxc8 33. Rc1 Be5 34.
Bd1 f3+ 35. Bxf3 Ra8 36. Rc4 Nd3 37. Bd1 Bb2 38. Bxb2 Nxb2 39. Rc1 Nxd1 40.
Rxd1 a3 41. Ra1 a2 42. h4 Kg7 43. h5 Kf6 44. f3 Ke5 45. Kf2 Kf4 0-1

[Event "36. Copenhagen Open (Politiken Cup)"]
[Site "Elsinore"]
[Date "2014.07.27"]
[Round "8"]
[White "Kristiansen, Jens"]
[Black "Alle, Ambjorn"]
[Result "1-0"]
[WhiteElo "2412"]
[BlackElo "2196"]
[PlyCount "63"]
[EventDate "2014.07.21"]
[EventType "swiss"]
[EventRounds "10"]
[EventCountry "DEN"]
[Source "ChessBase"]
[SourceDate "2014.08.29"]

1. d4 d5 2. c4 c6 3. Nf3 Nf6 4. Nc3 a6 5. g3 dxc4 6. Bg2 e6 7. O-O c5 8. dxc5
Qxd1 9. Rxd1 Nbd7 10. Nd2 Bxc5 11. Nxc4 O-O 12. Bf4 e5 13. Bg5 Re8 14. Nd6 Bxd6
15. Rxd6 h6 16. Be3 Kh7 17. Rad1 Nf8 18. Rd8 Be6 19. Rxa8 Rxa8 20. Bxb7 Rb8 21.
Bxa6 Rxb2 22. Bd3+ Kg8 23. Rb1 Rxb1+ 24. Bxb1 Nd5 25. Nxd5 Bxd5 26. a4 Nd7 27.
a5 Kf8 28. a6 e4 29. a7 Ke7 30. Bd4 f6 31. f3 exf3 32. exf3 1-0

[Event "36. Copenhagen Open (Politiken Cup)"]
[Site "Elsinore"]
[Date "2014.07.27"]
[Round "8"]
[White "Lauridsen, Jesper Morch"]
[Black "Ivarsson, Torbjorn"]
[Result "1/2-1/2"]
[WhiteElo "2244"]
[BlackElo "2131"]
[PlyCount "39"]
[EventDate "2014.07.21"]
[EventType "swiss"]
[EventRounds "10"]
[EventCountry "DEN"]
[Source "ChessBase"]
[SourceDate "2014.08.29"]

1. e4 c6 2. d4 d5 3. Nc3 dxe4 4. f3 e3 5. Bxe3 Nf6 6. Bd3 Nbd7 7. f4 Nd5 8.
Nxd5 cxd5 9. Nf3 e6 10. O-O Bd6 11. f5 exf5 12. Bg5 f6 13. Nh4 O-O 14. Bd2 Nb6
15. Nxf5 Nc4 16. Qg4 g6 17. Bh6 Rf7 18. b3 Nb2 19. Be2 Bf8 20. Bc1 1/2-1/2

[Event "36. Copenhagen Open (Politiken Cup)"]
[Site "Elsinore"]
[Date "2014.07.27"]
[Round "8"]
[White "Lauritsen, Martin Lee"]
[Black "Abrahamyan, Tatev"]
[Result "0-1"]
[WhiteElo "2143"]
[BlackElo "2366"]
[PlyCount "82"]
[EventDate "2014.07.21"]
[EventType "swiss"]
[EventRounds "10"]
[EventCountry "DEN"]
[Source "ChessBase"]
[SourceDate "2014.08.29"]

1. e4 e6 2. d4 d5 3. Nc3 Bb4 4. e5 Ne7 5. Qg4 c5 6. a3 Bxc3+ 7. bxc3 O-O 8. Bd3
Nbc6 9. Nf3 f5 10. exf6 Rxf6 11. Qh5 h6 12. O-O c4 13. Be2 Ng6 14. Re1 Bd7 15.
Bf1 Qc7 16. Nh4 Be8 17. Nxg6 Bxg6 18. Qe2 Re8 19. f4 Qa5 20. Qd2 Qa4 21. Ra2
Ne7 22. g3 Nf5 23. Bg2 Nd6 24. Kh1 Be4 25. Bxe4 Nxe4 26. Qe3 Ref8 27. Kg2 Qe8
28. a4 g5 29. Qf3 Qg6 30. Kh1 h5 31. Rg1 R8f7 32. Qe3 g4 33. Kg2 Rh7 34. Bd2 h4
35. Be1 hxg3 36. Bxg3 Qf5 37. Kf1 e5 38. dxe5 Qxe5 39. Qd4 Rxf4+ 40. Bxf4 Qxf4+
41. Ke1 Qc1+ 0-1